Muslim Vidhi (Record no. 1191336)

MARC details
000 -LEADER
fixed length control field 00637nam a2200253Ia 4500
003 - CONTROL NUMBER IDENTIFIER
control field OSt
005 - DATE AND TIME OF LATEST TRANSACTION
control field 20221007110737.0
008 - FIXED-LENGTH DATA ELEMENTS--GENERAL INFORMATION
fixed length control field 221006b |||||||| |||| 00| 0 hin d
037 ## - SOURCE OF ACQUISITION
Terms of availability Textual
040 ## - CATALOGING SOURCE
Original cataloging agency LCO
Transcribing agency LCO
Language of cataloging hin
041 ## - LANGUAGE CODE
Source of code hin
Language code of text/sound track or separate title hin
100 ## - MAIN ENTRY--PERSONAL NAME
Personal name Ahmed Aqil
245 #0 - TITLE STATEMENT
Title Muslim Vidhi
250 ## - EDITION STATEMENT
Edition statement 26th
260 ## - PUBLICATION, DISTRIBUTION, ETC.
Place of publication, distribution, etc. Allahabad
Name of publisher, distributor, etc. Central Law Agency India
Date of publication, distribution, etc. 2006
300 ## - PHYSICAL DESCRIPTION
Extent 325
650 ## - SUBJECT ADDED ENTRY--TOPICAL TERM
Topical term or geographic name entry element MUSLIM VIDHI
942 ## - ADDED ENTRY ELEMENTS (KOHA)
Classification part Z(Q7), 152 P6
Koha item type Textual
Holdings
Withdrawn status Lost status Damaged status Not for loan Home library Current library Date acquired Total Checkouts Full call number Barcode Date last seen Price effective from Koha item type
        Law Centre-I Library Law Centre-I Library 2022-10-07   Z(Q7) 152 P6 LO1367188 2022-10-07 2022-10-07 Textual
Copyright @ Delhi University Library System